| 000 | 00987cam a22003131a 4500 | ||
|---|---|---|---|
| 001 | 015365405 | ||
| 003 | EG-ScBUE | ||
| 005 | 20220413110342.0 | ||
| 008 | 100809r20172009enka f b 000 0 eng d | ||
| 020 | _a9780194389235 | ||
| 040 |
_aIiNdDKA _beng _erda _cIiNdDKA _dUk _dEG-ScBUE |
||
| 082 | 0 | 4 |
_a401.43 _bCOW _222 |
| 100 | 1 |
_aCowie, Anthony Paul, _eauthor. _940345 |
|
| 245 | 1 | 0 |
_aSemantics / _cA. P. Cowie. |
| 250 | _aReprint edition. | ||
| 264 | 1 |
_aOxford : _bOxford University Press, _c2017. |
|
| 300 |
_axiii, 130 pages : _billustrations ; _c20 cm. |
||
| 336 |
_2rdacontent _atext _btxt |
||
| 337 |
_2rdamedia _aunmediated _bn |
||
| 338 |
_2rdacarrier _avolume _bnc |
||
| 490 | 0 | _aOxford introductions to language study | |
| 504 | _aIncludes bibliographical references. | ||
| 650 | 7 |
_aSemantics. _2BUEsh _937315 |
|
| 650 | 7 |
_aEnglish language _xSemantics. _2BUEsh _93196 |
|
| 651 | _2BUEsh | ||
| 653 |
_bHHUUEENN _cAugust2017 |
||
| 655 |
_vReading book _934232 |
||
| 942 |
_2ddc _cBB |
||
| 999 |
_c25433 _d25405 |
||